[Event "Greek Team Championship"]
[Site "chess24.com"]
[Date "2017.07.05"]
[Round "4"]
[White "Zervos, Lazaros"]
[Black "Antonoglou, Christos"]
[Result "1-0"]
[Board "4"]
[WhiteElo "2082"]
[WhiteCountry "GRE"]
[WhiteFideId "4238362"]
[WhiteEloChange "5"]
[BlackElo "1896"]
[BlackCountry "GRE"]
[BlackFideId "4296745"]
[BlackEloChange "-5"]

1. Nf3 {[%clk 1:30:43]} d5 {[%clk 1:30:23]} 2. c4 {[%clk 1:30:26]} Nf6 {[%clk
1:29:33]} 3. cxd5 {[%clk 1:30:06]} Nxd5 {[%clk 1:29:37]} 4. d4 {[%clk 1:28:37]}
g6 {[%clk 1:27:25]} 5. e4 {[%clk 1:26:54]} Nf6 {[%clk 1:26:32]} 6. Nc3 {[%clk
1:24:07]} Bg7 {[%clk 1:20:51]} 7. h3 {[%clk 1:23:48]} O-O {[%clk 1:18:47]} 8. Be3
{[%clk 1:21:31]} c6 {[%clk 1:14:47]} 9. a4 {[%clk 1:14:13]} Qa5 {[%clk 0:56:15]}
10. Qd2 {[%clk 0:55:37]} b5 {[%clk 0:44:16]} 11. Bd3 {[%clk 0:51:10]} b4 {[%clk
0:40:27]} 12. Ne2 {[%clk 0:49:17]} Ba6 {[%clk 0:38:57]} 13. O-O {[%clk 0:49:11]}
Bxd3 {[%clk 0:36:39]} 14. Qxd3 {[%clk 0:49:40]} Qa6 {[%clk 0:36:27]} 15. Qxa6
{[%clk 0:46:16]} Nxa6 {[%clk 0:36:55]} 16. Nd2 {[%clk 0:46:22]} Rfc8 {[%clk
0:27:22]} 17. Rac1 {[%clk 0:44:42]} Nd7 {[%clk 0:26:49]} 18. Nc4 {[%clk 0:35:42]}
c5 {[%clk 0:24:15]} 19. d5 {[%clk 0:31:57]} Nb6 {[%clk 0:22:52]} 20. b3 {[%clk
0:31:44]} Nb8 {[%clk 0:19:49]} 21. Na5 {[%clk 0:29:23]} N6d7 {[%clk 0:18:33]} 22.
Rfd1 {[%clk 0:28:49]} Bf8 {[%clk 0:10:01]} 23. Rc2 {[%clk 0:18:40]} Na6 {[%clk
0:09:29]} 24. Nc1 {[%clk 0:18:00]} Bg7 {[%clk 0:08:28]} 25. Nd3 {[%clk 0:16:06]}
Bc3 {[%clk 0:08:28]} 26. Bd2 {[%clk 0:14:29]} Bxd2 {[%clk 0:07:40]} 27. Rdxd2
{[%clk 0:14:57]} Kf8 {[%clk 0:07:23]} 28. f3 {[%clk 0:13:17]} g5 {[%clk 0:05:59]}
29. Kf2 {[%clk 0:13:14]} Rc7 {[%clk 0:04:25]} 30. Ke3 {[%clk 0:12:13]} Rac8
{[%clk 0:04:25]} 31. Nc4 {[%clk 0:09:22]} Nb6 {[%clk 0:03:03]} 32. Ndb2 {[%clk
0:08:44]} Nxc4+ {[%clk 0:03:08]} 33. Nxc4 {[%clk 0:08:20]} Rd8 {[%clk 0:02:32]}
34. Rc1 {[%clk 0:07:11]} f6 {[%clk 0:02:33]} 35. g3 {[%clk 0:06:54]} Rcd7 {[%clk
0:02:40]} 36. f4 {[%clk 0:07:02]} h6 {[%clk 0:03:07]} 37. Rcd1 {[%clk 0:05:22]}
Kg7 {[%clk 0:03:11]} 38. Na5 {[%clk 0:04:10]} Nb8 {[%clk 0:03:28]} 39. e5 {[%clk
0:03:00]} fxe5 {[%clk 0:02:40]} 40. fxe5 {[%clk 0:33:29]} Rf8 {[%clk 0:32:12]}
41. e6 {[%clk 0:22:49]} Rdd8 {[%clk 0:31:18]} 42. Rf2 {[%clk 0:21:39]} Rf6 {[%clk
0:29:00]} 43. Rxf6 {[%clk 0:21:30]} Kxf6 {[%clk 0:26:01]} 44. Rf1+ {[%clk
0:20:25]} Kg6 {[%clk 0:26:01]} 45. Ke4 {[%clk 0:20:31]} Na6 {[%clk 0:24:59]} 46.
Nc6 {[%clk 0:20:17]} Re8 {[%clk 0:25:08]} 47. Rf7 {[%clk 0:19:30]} c4 {[%clk
0:15:45]} 48. g4 {[%clk 0:19:16]} h5 {[%clk 0:13:36]} 49. bxc4 {[%clk 0:12:29]}
b3 {[%clk 0:11:55]} 50. Kd3 {[%clk 0:06:40]} hxg4 {[%clk 0:10:53]} 51. hxg4
{[%clk 0:06:47]} Nb4+ {[%clk 0:04:16]} 52. Nxb4 {[%clk 0:07:08]} b2 {[%clk
0:04:38]} 53. Kc2 {[%clk 0:06:46]} Rb8 {[%clk 0:04:52]} 54. Kxb2 {[%clk 0:07:10]}
Rxb4+ {[%clk 0:05:16]} 55. Kc3 {[%clk 0:07:36]} Rxa4 {[%clk 0:04:46]} 56. Rxe7
{[%clk 0:08:00]} Ra3+ {[%clk 0:04:47]} 57. Kd4 {[%clk 0:08:04]} Rg3 {[%clk
0:04:40]} 58. Rxa7 {[%clk 0:08:08]} Rxg4+ {[%clk 0:04:53]} 59. Ke5 {[%clk
0:04:42]} Rxc4 {[%clk 0:03:54]} 60. e7 {[%clk 0:03:38]} Kf7 {[%clk 0:04:04]} 61.
d6 {[%clk 0:03:43]} Rc5+ {[%clk 0:02:02]} 62. Kd4 {[%clk 0:04:07]} Rc6 {[%clk
0:00:40]} 63. Kd5 {[%clk 0:04:30]} 1-0

[Event "Greek Team Championship"]
[Site "chess24.com"]
[Date "2017.07.05"]
[Round "4"]
[White "Galunova, Tsveta"]
[Black "Ratsma, Rosa"]
[Result "0-1"]
[Board "5"]
[WhiteElo "2175"]
[WhiteCountry "BUL"]
[WhiteFideId "2909995"]
[WhiteEloChange "-11"]
[BlackElo "2137"]
[BlackCountry "NED"]
[BlackFideId "1033662"]
[BlackEloChange "11"]

1. d4 {[%clk 1:30:56]} Nf6 {[%clk 1:30:43]} 2. c4 {[%clk 1:31:20]} g6 {[%clk
1:30:53]} 3. f3 {[%clk 1:31:34]} Bg7 {[%clk 1:30:34]} 4. e4 {[%clk 1:31:54]} d6
{[%clk 1:30:49]} 5. Nc3 {[%clk 1:32:16]} O-O {[%clk 1:31:04]} 6. Nge2 {[%clk
1:32:33]} c5 {[%clk 1:31:02]} 7. d5 {[%clk 1:32:51]} e6 {[%clk 1:31:13]} 8. Ng3
{[%clk 1:32:23]} exd5 {[%clk 1:31:30]} 9. cxd5 {[%clk 1:32:46]} a6 {[%clk
1:31:34]} 10. a4 {[%clk 1:33:09]} h5 {[%clk 1:31:31]} 11. Bg5 {[%clk 1:33:29]}
Nbd7 {[%clk 1:31:31]} 12. Be2 {[%clk 1:31:37]} Qc7 {[%clk 1:31:27]} 13. Qd2
{[%clk 1:29:01]} c4 {[%clk 1:30:58]} 14. Rc1 {[%clk 1:19:40]} Rb8 {[%clk
1:26:17]} 15. O-O {[%clk 1:12:11]} Qa5 {[%clk 1:23:14]} 16. Rb1 {[%clk 1:02:43]}
Re8 {[%clk 1:10:00]} 17. Rfc1 {[%clk 0:54:17]} Nh7 {[%clk 1:03:29]} 18. Be3
{[%clk 0:53:15]} h4 {[%clk 1:02:22]} 19. Nf1 {[%clk 0:46:41]} b5 {[%clk 0:58:22]}
20. axb5 {[%clk 0:47:04]} axb5 {[%clk 0:58:45]} 21. b4 {[%clk 0:47:18]} Qd8
{[%clk 0:57:59]} 22. Ra1 {[%clk 0:44:32]} Ne5 {[%clk 0:54:16]} 23. Ra5 {[%clk
0:42:40]} Bd7 {[%clk 0:50:08]} 24. f4 {[%clk 0:28:33]} Ng4 {[%clk 0:49:42]} 25.
Bxg4 {[%clk 0:27:55]} Bxg4 {[%clk 0:50:04]} 26. Nxb5 {[%clk 0:27:36]} Rxe4 {[%clk
0:44:27]} 27. Nd4 {[%clk 0:26:23]} c3 {[%clk 0:34:08]} 28. Rxc3 {[%clk 0:18:38]}
Bxd4 {[%clk 0:29:02]} 29. Bxd4 {[%clk 0:18:10]} Rxb4 {[%clk 0:29:17]} 30. Rca3
{[%clk 0:07:06]} Rbxd4 {[%clk 0:19:26]} 31. Ra8 {[%clk 0:06:55]} Bc8 {[%clk
0:19:37]} 32. Qa5 {[%clk 0:01:46]} Qxa5 {[%clk 0:17:54]} 33. Rxc8+ {[%clk
0:02:06]} Kg7 {[%clk 0:18:18]} 34. Rxa5 {[%clk 0:02:32]} Rd1 {[%clk 0:18:19]} 35.
Ra2 {[%clk 0:00:47]} Ree1 {[%clk 0:18:08]} 36. Rf2 {[%clk 0:01:08]} Nf6 {[%clk
0:17:58]} 37. Rf3 {[%clk 0:00:36]} Nxd5 {[%clk 0:16:06]} 38. Rc2 {[%clk 0:00:32]}
Rxf1+ {[%clk 0:16:21]} 0-1

[Event "Greek Team Championship"]
[Site "chess24.com"]
[Date "2017.07.05"]
[Round "4"]
[White "Papageorgiou, Fotini"]
[Black "Liapi Zenebisi, Irini"]
[Result "0-1"]
[Board "6"]
[WhiteElo "1427"]
[WhiteCountry "GRE"]
[WhiteFideId "4238265"]
[WhiteEloChange "-2"]
[BlackElo "1791"]
[BlackCountry "GRE"]
[BlackFideId "4234120"]
[BlackEloChange "2"]

1. e4 {[%clk 1:30:57]} c5 {[%clk 1:30:55]} 2. Nf3 {[%clk 1:31:20]} a6 {[%clk
1:31:22]} 3. d4 {[%clk 1:31:44]} cxd4 {[%clk 1:31:46]} 4. Nxd4 {[%clk 1:32:08]}
Nf6 {[%clk 1:32:11]} 5. Nc3 {[%clk 1:32:30]} e5 {[%clk 1:32:25]} 6. Nf3 {[%clk
1:31:49]} Bb4 {[%clk 1:30:29]} 7. Bd3 {[%clk 1:20:33]} O-O {[%clk 1:26:06]} 8.
Bd2 {[%clk 1:18:49]} d6 {[%clk 1:26:22]} 9. O-O {[%clk 1:18:08]} Nc6 {[%clk
1:24:53]} 10. Ne2 {[%clk 1:07:31]} Bc5 {[%clk 1:24:19]} 11. h3 {[%clk 1:00:09]}
h6 {[%clk 1:17:28]} 12. Ng3 {[%clk 0:58:24]} Be6 {[%clk 1:16:12]} 13. Qe2 {[%clk
0:52:32]} Rc8 {[%clk 1:14:34]} 14. c3 {[%clk 0:38:56]} Nd7 {[%clk 1:10:58]} 15.
Be3 {[%clk 0:34:18]} Qe7 {[%clk 1:03:02]} 16. Nd2 {[%clk 0:26:34]} Bxe3 {[%clk
0:57:47]} 17. Qxe3 {[%clk 0:26:49]} Nc5 {[%clk 0:57:59]} 18. Bc2 {[%clk 0:20:38]}
b5 {[%clk 0:54:58]} 19. Nb3 {[%clk 0:18:01]} Na4 {[%clk 0:51:18]} 20. Rfb1 {[%clk
0:13:48]} Qc7 {[%clk 0:41:29]} 21. Nd2 {[%clk 0:11:39]} Nb6 {[%clk 0:41:44]} 22.
Bb3 {[%clk 0:11:49]} Na5 {[%clk 0:41:12]} 23. Rc1 {[%clk 0:10:56]} Nxb3 {[%clk
0:25:35]} 24. axb3 {[%clk 0:11:11]} Qb7 {[%clk 0:24:15]} 25. Qf3 {[%clk 0:08:43]}
d5 {[%clk 0:23:07]} 26. Qh5 {[%clk 0:07:22]} Nd7 {[%clk 0:18:36]} 27. Ra3 {[%clk
0:04:46]} b4 {[%clk 0:14:20]} 28. Raa1 {[%clk 0:05:04]} Nc5 {[%clk 0:13:19]} 29.
exd5 {[%clk 0:03:47]} Bxd5 {[%clk 0:07:51]} 30. c4 {[%clk 0:02:39]} Nd3 {[%clk
0:05:15]} 31. Rcb1 {[%clk 0:02:23]} Bc6 {[%clk 0:03:52]} 32. Qf5 {[%clk 0:01:42]}
Rcd8 {[%clk 0:03:39]} 33. Nde4 {[%clk 0:01:32]} Rd4 {[%clk 0:01:59]} 34. f3
{[%clk 0:01:15]} Bd7 {[%clk 0:01:38]} 35. Qh5 {[%clk 0:01:26]} f5 {[%clk
0:01:53]} 36. Nf2 {[%clk 0:01:17]} Nf4 {[%clk 0:02:06]} 0-1

[Event "Greek Team Championship"]
[Site "chess24.com"]
[Date "2017.07.05"]
[Round "4"]
[White "Aivazian, Elpida Sofia"]
[Black "Bouza, Mirto - Eleni"]
[Result "1/2-1/2"]
[Board "7"]
[WhiteElo "1415"]
[WhiteCountry "GRE"]
[WhiteFideId "25821555"]
[WhiteEloChange "-3"]
[BlackElo "1313"]
[BlackCountry "GRE"]
[BlackFideId "4260848"]
[BlackEloChange "3"]

1. e4 {[%clk 1:30:59]} e6 {[%clk 1:30:52]} 2. d4 {[%clk 1:31:26]} d5 {[%clk
1:31:17]} 3. e5 {[%clk 1:31:52]} c5 {[%clk 1:31:38]} 4. c3 {[%clk 1:32:19]} Qb6
{[%clk 1:31:57]} 5. Nf3 {[%clk 1:32:43]} Nc6 {[%clk 1:32:15]} 6. Be2 {[%clk
1:33:07]} cxd4 {[%clk 1:32:21]} 7. cxd4 {[%clk 1:33:30]} Nge7 {[%clk 1:32:27]} 8.
Na3 {[%clk 1:33:55]} Nf5 {[%clk 1:32:21]} 9. Nc2 {[%clk 1:34:12]} Bb4+ {[%clk
1:31:35]} 10. Kf1 {[%clk 1:34:25]} O-O {[%clk 1:24:59]} 11. g3 {[%clk 1:32:10]}
Bd7 {[%clk 1:20:36]} 12. Kg2 {[%clk 1:28:21]} Be7 {[%clk 1:16:11]} 13. b3 {[%clk
1:10:17]} Bd8 {[%clk 1:11:48]} 14. Re1 {[%clk 1:07:36]} f6 {[%clk 1:08:52]} 15.
Bb2 {[%clk 0:59:44]} fxe5 {[%clk 0:50:59]} 16. dxe5 {[%clk 0:59:44]} Bc7 {[%clk
0:43:38]} 17. Bf1 {[%clk 0:47:07]} Nfe7 {[%clk 0:40:01]} 18. Ncd4 {[%clk
0:45:03]} Ng6 {[%clk 0:37:02]} 19. Nb5 {[%clk 0:41:03]} Bxe5 {[%clk 0:24:15]} 20.
Bxe5 {[%clk 0:35:43]} Ncxe5 {[%clk 0:17:42]} 21. Nxe5 {[%clk 0:31:33]} Rxf2+
{[%clk 0:15:06]} 22. Kh1 {[%clk 0:31:58]} Nxe5 {[%clk 0:14:14]} 23. Rxe5 {[%clk
0:32:06]} Bxb5 {[%clk 0:13:48]} 24. Bxb5 {[%clk 0:32:01]} Qxb5 {[%clk 0:14:07]}
25. Rxe6 {[%clk 0:32:09]} Rc8 {[%clk 0:09:21]} 26. Qe1 {[%clk 0:23:22]} Rfc2
{[%clk 0:07:21]} 27. Rd6 {[%clk 0:15:07]} Qc5 {[%clk 0:06:27]} 28. Qe6+ {[%clk
0:15:13]} Kh8 {[%clk 0:04:51]} 29. Qxd5 {[%clk 0:12:42]} h6 {[%clk 0:02:17]} 30.
Rd8+ {[%clk 0:06:47]} Rxd8 {[%clk 0:02:12]} 31. Qxd8+ {[%clk 0:07:10]} Kh7 {[%clk
0:02:39]} 32. Qd3+ {[%clk 0:07:18]} Kh8 {[%clk 0:02:47]} 33. Qd8+ {[%clk
0:06:16]} Kh7 {[%clk 0:03:11]} 34. Qd3+ {[%clk 0:06:16]} Kh8 {[%clk 0:03:33]} 35.
Qd8+ {[%clk 0:06:40]} Kh7 {[%clk 0:03:57]} 36. Qd3+ {[%clk 0:07:05]} Kh8 {[%clk
0:04:20]} 1/2-1/2

[Event "Greek Team Championship"]
[Site "chess24.com"]
[Date "2017.07.05"]
[Round "4"]
[White "Loutragotis, Dimitrios"]
[Black "Nasos, Konstantinos"]
[Result "1-0"]
[Board "8"]
[WhiteElo "2143"]
[WhiteCountry "GRE"]
[WhiteFideId "4268458"]
[WhiteEloChange "2"]
[BlackElo "1611"]
[BlackCountry "GRE"]
[BlackFideId "25838938"]
[BlackEloChange "-2"]

1. e4 {[%clk 1:30:56]} e6 {[%clk 1:30:51]} 2. d4 {[%clk 1:31:20]} d5 {[%clk
1:31:16]} 3. Nc3 {[%clk 1:31:44]} Nf6 {[%clk 1:31:40]} 4. Bg5 {[%clk 1:32:08]}
Bb4 {[%clk 1:32:01]} 5. e5 {[%clk 1:32:31]} h6 {[%clk 1:32:23]} 6. Bc1 {[%clk
1:32:55]} Ne4 {[%clk 1:31:58]} 7. Qg4 {[%clk 1:33:19]} g6 {[%clk 1:31:49]} 8. Ne2
{[%clk 1:33:38]} c5 {[%clk 1:25:54]} 9. a3 {[%clk 1:33:18]} Nxc3 {[%clk 1:09:13]}
10. axb4 {[%clk 1:21:55]} Nxe2 {[%clk 1:07:19]} 11. Bxe2 {[%clk 1:22:18]} cxb4
{[%clk 1:06:47]} 12. Bd3 {[%clk 1:22:20]} Qe7 {[%clk 0:57:45]} 13. h4 {[%clk
1:11:57]} Nc6 {[%clk 0:49:38]} 14. h5 {[%clk 1:03:06]} g5 {[%clk 0:46:41]} 15. f4
{[%clk 1:01:18]} gxf4 {[%clk 0:42:23]} 16. Qg7 {[%clk 1:01:25]} Qf8 {[%clk
0:40:13]} 17. Qf6 {[%clk 1:01:49]} Kd7 {[%clk 0:32:04]} 18. O-O {[%clk 0:56:07]}
Kc7 {[%clk 0:31:34]} 19. Rxf4 {[%clk 0:56:25]} Bd7 {[%clk 0:30:05]} 20. c3 {[%clk
0:53:03]} Be8 {[%clk 0:17:07]} 21. Bg6 {[%clk 0:48:57]} Nd8 {[%clk 0:16:10]} 22.
cxb4 {[%clk 0:48:24]} a6 {[%clk 0:12:19]} 23. Bd2 {[%clk 0:40:06]} Rc8 {[%clk
0:12:22]} 24. b5 {[%clk 0:38:14]} Rg8 {[%clk 0:08:31]} 25. Ba5+ {[%clk 0:36:28]}
b6 {[%clk 0:05:36]} 26. Rc1+ {[%clk 0:36:30]} Kb8 {[%clk 0:05:53]} 27. Rxc8+
{[%clk 0:36:51]} Kxc8 {[%clk 0:06:18]} 28. Bxb6 {[%clk 0:37:15]} Bxb5 {[%clk
0:05:52]} 29. Bxd8 {[%clk 0:35:57]} Qxd8 {[%clk 0:05:35]} 30. Bxf7 {[%clk
0:35:51]} Qxf6 {[%clk 0:04:13]} 31. Rxf6 {[%clk 0:36:02]} Rg5 {[%clk 0:02:51]}
32. Rg6 {[%clk 0:35:57]} Kd8 {[%clk 0:01:57]} 33. Rxg5 {[%clk 0:36:12]} hxg5
{[%clk 0:02:17]} 34. h6 {[%clk 0:36:29]} 1-0

[Event "Greek Team Championship"]
[Site "chess24.com"]
[Date "2017.07.05"]
[Round "4"]
[White "Blitsas, Orestis"]
[Black "Loutragotis, Paraskevas Pantelei"]
[Result "0-1"]
[Board "9"]
[WhiteElo "1635"]
[WhiteCountry "GRE"]
[WhiteFideId "25807919"]
[WhiteEloChange "-4"]
[BlackElo "1891"]
[BlackCountry "GRE"]
[BlackFideId "4278771"]
[BlackEloChange "4"]

1. c4 {[%clk 1:30:40]} g6 {[%clk 1:30:55]} 2. g3 {[%clk 1:30:40]} Bg7 {[%clk
1:31:20]} 3. Bg2 {[%clk 1:30:31]} d6 {[%clk 1:31:39]} 4. Nc3 {[%clk 1:29:41]} e5
{[%clk 1:31:54]} 5. d3 {[%clk 1:29:40]} f5 {[%clk 1:32:08]} 6. e4 {[%clk
1:29:40]} c6 {[%clk 1:32:02]} 7. Nge2 {[%clk 1:29:45]} Nf6 {[%clk 1:32:18]} 8.
O-O {[%clk 1:28:27]} O-O {[%clk 1:32:32]} 9. f4 {[%clk 1:23:38]} Qb6+ {[%clk
1:31:35]} 10. Kh1 {[%clk 1:23:11]} Ng4 {[%clk 1:30:07]} 11. Qe1 {[%clk 1:20:14]}
Ne3 {[%clk 1:24:35]} 12. Bxe3 {[%clk 1:20:04]} Qxe3 {[%clk 1:24:58]} 13. Rf3
{[%clk 1:16:26]} Qb6 {[%clk 1:25:09]} 14. Qd2 {[%clk 1:09:36]} Be6 {[%clk
1:21:16]} 15. b3 {[%clk 1:00:46]} Nd7 {[%clk 1:19:16]} 16. Rd1 {[%clk 0:56:09]}
Nf6 {[%clk 1:12:52]} 17. h3 {[%clk 0:54:51]} Rad8 {[%clk 1:02:27]} 18. Rff1
{[%clk 0:49:48]} Nh5 {[%clk 0:59:03]} 19. Kh2 {[%clk 0:48:02]} exf4 {[%clk
0:57:33]} 20. Nxf4 {[%clk 0:35:56]} Nxf4 {[%clk 0:56:31]} 21. gxf4 {[%clk
0:35:58]} Bd4 {[%clk 0:54:54]} 22. Ne2 {[%clk 0:34:48]} Bg7 {[%clk 0:41:55]} 23.
d4 {[%clk 0:30:05]} fxe4 {[%clk 0:42:08]} 24. Bxe4 {[%clk 0:30:23]} d5 {[%clk
0:42:00]} 25. c5 {[%clk 0:29:28]} Qc7 {[%clk 0:41:15]} 26. Bg2 {[%clk 0:28:00]}
Rf7 {[%clk 0:41:00]} 27. Rf2 {[%clk 0:24:55]} Bh6 {[%clk 0:39:57]} 28. Rdf1
{[%clk 0:24:46]} Bc8 {[%clk 0:39:22]} 29. Kg1 {[%clk 0:22:14]} Rdf8 {[%clk
0:38:45]} 30. Qe3 {[%clk 0:19:37]} Re7 {[%clk 0:35:43]} 31. Qd2 {[%clk 0:19:21]}
b6 {[%clk 0:35:26]} 32. Qd3 {[%clk 0:19:24]} Rfe8 {[%clk 0:34:38]} 33. Nc3 {[%clk
0:06:12]} Re3 {[%clk 0:32:40]} 34. Qd2 {[%clk 0:05:40]} bxc5 {[%clk 0:28:20]} 35.
dxc5 {[%clk 0:05:45]} Qe7 {[%clk 0:27:57]} 36. Bxd5+ {[%clk 0:05:29]} cxd5 {[%clk
0:28:22]} 37. Nxd5 {[%clk 0:05:38]} Rg3+ {[%clk 0:28:36]} 38. Kh1 {[%clk
0:04:49]} Qe6 {[%clk 0:25:35]} 39. f5 {[%clk 0:03:10]} Qe4+ {[%clk 0:24:36]} 40.
Kh2 {[%clk 0:33:29]} Qh4 {[%clk 0:53:48]} 0-1

[Event "Greek Team Championship"]
[Site "chess24.com"]
[Date "2017.07.05"]
[Round "4"]
[White "Basinas, Konstantinos"]
[Black "Nasos, Valerios"]
[Result "0-1"]
[Board "10"]
[WhiteElo "1411"]
[WhiteCountry "GRE"]
[WhiteFideId "25813285"]
[WhiteEloChange "-9"]
[BlackElo "1433"]
[BlackCountry "GRE"]
[BlackFideId "25838253"]
[BlackEloChange "9"]

1. e4 {[%clk 1:30:57]} c5 {[%clk 1:30:56]} 2. Nf3 {[%clk 1:31:22]} e6 {[%clk
1:31:18]} 3. d4 {[%clk 1:31:35]} cxd4 {[%clk 1:31:44]} 4. Nxd4 {[%clk 1:31:59]}
Nc6 {[%clk 1:32:06]} 5. Nc3 {[%clk 1:32:16]} Qc7 {[%clk 1:32:25]} 6. g3 {[%clk
1:32:37]} a6 {[%clk 1:32:43]} 7. Bg2 {[%clk 1:32:56]} d6 {[%clk 1:33:05]} 8. O-O
{[%clk 1:31:13]} Bd7 {[%clk 1:33:31]} 9. Be3 {[%clk 1:29:29]} Nf6 {[%clk
1:33:49]} 10. f4 {[%clk 1:28:17]} Be7 {[%clk 1:34:01]} 11. Kh1 {[%clk 1:28:29]}
O-O {[%clk 1:34:20]} 12. Nb3 {[%clk 1:20:45]} b5 {[%clk 1:19:07]} 13. a3 {[%clk
1:20:39]} Rac8 {[%clk 1:09:57]} 14. g4 {[%clk 1:02:13]} Ne8 {[%clk 1:04:22]} 15.
g5 {[%clk 0:59:03]} g6 {[%clk 1:02:30]} 16. h4 {[%clk 0:58:06]} Ng7 {[%clk
1:00:25]} 17. Bf3 {[%clk 0:55:50]} f6 {[%clk 0:35:42]} 18. Kg2 {[%clk 0:49:08]}
f5 {[%clk 0:18:33]} 19. h5 {[%clk 0:45:55]} fxe4 {[%clk 0:16:21]} 20. Nxe4 {[%clk
0:44:40]} Nf5 {[%clk 0:15:48]} 21. Bf2 {[%clk 0:44:57]} Kg7 {[%clk 0:01:23]} 22.
Rc1 {[%clk 0:43:43]} e5 {[%clk 0:00:50]} 23. Rh1 {[%clk 0:42:26]} exf4 {[%clk
0:00:49]} 24. Qd2 {[%clk 0:41:35]} Ne5 {[%clk 0:00:57]} 25. Rh2 {[%clk 0:38:21]}
Ne3+ {[%clk 0:00:57]} 26. Bxe3 {[%clk 0:38:22]} fxe3 {[%clk 0:01:16]} 27. Qxe3
{[%clk 0:38:33]} Rxf3 {[%clk 0:01:37]} 28. Qxf3 {[%clk 0:39:00]} Nxf3 {[%clk
0:01:55]} 29. Kxf3 {[%clk 0:39:26]} d5 {[%clk 0:01:46]} 30. Ng3 {[%clk 0:39:31]}
Bxg5 {[%clk 0:01:55]} 31. Rch1 {[%clk 0:39:48]} Qf4+ {[%clk 0:02:03]} 32. Kg2
{[%clk 0:40:12]} Rxc2+ {[%clk 0:02:19]} 0-1

[Event "Greek Team Championship"]
[Site "chess24.com"]
[Date "2017.07.05"]
[Round "4"]
[White "Kanakaris, Georgios"]
[Black "Polzin, Rainer"]
[Result "1/2-1/2"]
[Board "1"]
[WhiteElo "2359"]
[WhiteCountry "GRE"]
[WhiteFideId "4209460"]
[WhiteEloChange "1"]
[BlackElo "2405"]
[BlackTitle "GM"]
[BlackCountry "GER"]
[BlackFideId "4610741"]
[BlackEloChange "-1"]

1. d4 {[%clk 1:30:55]} d6 {[%clk 1:30:54]} 2. Nf3 {[%clk 1:31:14]} Nf6 {[%clk
1:28:19]} 3. c4 {[%clk 1:30:52]} g6 {[%clk 1:28:02]} 4. Nc3 {[%clk 1:28:54]} Bg7
{[%clk 1:28:13]} 5. g3 {[%clk 1:29:08]} O-O {[%clk 1:26:48]} 6. Bg2 {[%clk
1:29:31]} Nbd7 {[%clk 1:25:44]} 7. O-O {[%clk 1:28:59]} a6 {[%clk 1:25:07]} 8. e4
{[%clk 1:22:51]} e5 {[%clk 1:19:24]} 9. h3 {[%clk 1:22:37]} b5 {[%clk 1:13:07]}
10. dxe5 {[%clk 1:22:36]} Nxe5 {[%clk 0:57:46]} 11. Nxe5 {[%clk 1:22:19]} dxe5
{[%clk 0:58:14]} 12. Qxd8 {[%clk 1:22:36]} Rxd8 {[%clk 0:58:43]} 13. Nd5 {[%clk
1:22:51]} Nxd5 {[%clk 0:48:21]} 14. cxd5 {[%clk 1:23:15]} Bf8 {[%clk 0:29:53]}
15. Bg5 {[%clk 1:22:25]} Re8 {[%clk 0:29:01]} 16. Rac1 {[%clk 1:21:32]} Bd6
{[%clk 0:29:10]} 17. Bf6 {[%clk 1:21:02]} Bd7 {[%clk 0:20:47]} 18. Rc2 {[%clk
1:15:11]} a5 {[%clk 0:14:49]} 19. f4 {[%clk 1:07:25]} h5 {[%clk 0:14:47]} 20. h4
{[%clk 1:00:05]} b4 {[%clk 0:11:00]} 21. fxe5 {[%clk 0:49:45]} Rxe5 {[%clk
0:11:27]} 22. Rfc1 {[%clk 0:48:26]} Ree8 {[%clk 0:05:14]} 23. Kf2 {[%clk
0:41:34]} a4 {[%clk 0:03:48]} 24. Re2 {[%clk 0:30:35]} Ra5 {[%clk 0:02:26]} 25.
Bf3 {[%clk 0:29:33]} b3 {[%clk 0:02:11]} 26. axb3 {[%clk 0:26:04]} axb3 {[%clk
0:02:40]} 27. Bc3 {[%clk 0:23:01]} Rc5 {[%clk 0:02:26]} 28. Ree1 {[%clk 0:18:34]}
Bg4 {[%clk 0:01:30]} 29. Bd4 {[%clk 0:16:54]} Rxc1 {[%clk 0:01:16]} 30. Rxc1
{[%clk 0:17:19]} f5 {[%clk 0:01:38]} 31. exf5 {[%clk 0:10:57]} Bxf5 {[%clk
0:01:51]} 32. Rg1 {[%clk 0:07:26]} Bg4 {[%clk 0:01:03]} 33. Kg2 {[%clk 0:06:00]}
Rf8 {[%clk 0:01:03]} 34. Bd1 {[%clk 0:05:21]} Re8 {[%clk 0:01:00]} 35. Bf3 {[%clk
0:03:49]} Rf8 {[%clk 0:01:22]} 36. Bd1 {[%clk 0:04:14]} Re8 {[%clk 0:01:47]} 37.
Bf3 {[%clk 0:04:35]} Rf8 {[%clk 0:01:47]} 1/2-1/2